Desarrollo de herramienta Informática de Inteligencia de Negocios para el Sistema Nacional de Inversión Pública de la República de Nicaragua

Presenta un sistema web para dotar al Sistema Nacional de Inversión Pública (SNIP) de una herramienta de inteligencia de Negocios que facilite la gestión de los procesos de seguimiento y monitoreo de la ejecución del Programa de Inversión Pública.

Bibliographic Details
Main Authors: Navarro Ordeñana, Judith del Carmen, Zamora Osegueda, José Luis
Other Authors: Tutor: Díaz Chow, José Leónidas
Format: Tesis Section = Libro
Language:Undetermined
Spanish
Published: Managua UNI 2016
Subjects:
LEADER 01248nam a2200289Ia 4500
008 240830s9999 xx 000 0 und d
040 |a BIBLIOTECA-RUSB/ Mon 005.362 N322 
041 |a spa 
082 |a Mon 005.362 N322 
100 1 |a Navarro Ordeñana, Judith del Carmen 
100 1 |b Zamora Osegueda, José Luis 
245 1 0 |a Desarrollo de herramienta Informática de Inteligencia de Negocios para el Sistema Nacional de Inversión Pública de la República de Nicaragua 
260 |a Managua  |b UNI  |c 2016 
300 |a 86 p. :il. 
500 |a Contiene: anexos e Incluye: CD. 
502 |a Tesis (Ingeniero en Computación) - UNI, 2016. 
520 3 |a Presenta un sistema web para dotar al Sistema Nacional de Inversión Pública (SNIP) de una herramienta de inteligencia de Negocios que facilite la gestión de los procesos de seguimiento y monitoreo de la ejecución del Programa de Inversión Pública. 
650 7 |a HERRAMIENTA INFORMATICA 
650 7 |b  ANALISIS DE DATOS 
650 7 |c  INGENIERIA DE SOFTWARE 
650 7 |d  BASES DE DATOS 
650 7 |e  DESARROLLO DE SOFTWARE 
650 7 |f  INTELIGENCIA DE NEGOCIOS 
700 1 |a Tutor:  |b Díaz Chow, José Leónidas 
942 |c BK  |2 ddc 
991 |a TESIS 
999 |c 19728